Diseño e implementación de un enlace inalambrico serial ZigBee / (Registro nro. 4723)

Detalles MARC
000 -LEADER
fixed length control field 01437nam a2200301 4500
003 - CONTROL NUMBER IDENTIFIER
control field CO-CtgCURN
005 - DATE AND TIME OF LATEST TRANSACTION
control field 20250329165447.0
008 - FIXED-LENGTH DATA ELEMENTS--GENERAL INFORMATION
fixed length control field 160531s2008 000 0 eng d
040 ## - CATALOGING SOURCE
Original cataloging agency CO-CtgCURN
Language of cataloging spa
Transcribing agency coctgcurn
082 0# - DEWEY DECIMAL CLASSIFICATION NUMBER
Classification number INS 2008
Item number B537
100 1# - MAIN ENTRY--PERSONAL NAME
Personal name Bertel Pérez, Antonio Carlos.
245 10 - TITLE STATEMENT
Title Diseño e implementación de un enlace inalambrico serial ZigBee /
Statement of responsibility, etc. Antonio Carlos Bertel Pérez, Ivan Fernando Arrieta Hernández ; director, Luis Fernando Murillo Fernández.
260 ## - PUBLICATION, DISTRIBUTION, ETC.
Place of publication, distribution, etc. Cartagena de Indias :
Name of publisher, distributor, etc. Corporación Universitaria Rafael Nuñez,
Date of publication, distribution, etc. 2008.
300 ## - PHYSICAL DESCRIPTION
Extent 85 h.
336 ## - CONTENT TYPE
Source rdacontent
337 ## - MEDIA TYPE
Source rdamedia
Media type term sin mediacion
Media type code n
338 ## - CARRIER TYPE
Source rdacarrier
Carrier type term volumen
Carrier type code nc
500 ## - GENERAL NOTE
General note Incluye anexos.
502 ## - DISSERTATION NOTE
Dissertation note Trabajo de grado (Ingeniero de Sistemas). Corporación Universitaria Rafael Nuñez. Programa de Ingenieria de Sistemas, 2008.
504 ## - BIBLIOGRAPHY, ETC. NOTE
Bibliography, etc. note Incluye bibliografia.
590 ## - LOCAL NOTE (RLIN)
Local note Ingenieria de Sistemas
650 #0 - SUBJECT ADDED ENTRY--TOPICAL TERM
Topical term or geographic name entry element Ingenieria de Sistemas
Form subdivision Tesis y disertaciones academicas.
700 1# - ADDED ENTRY--PERSONAL NAME
Personal name Arrieta Hernández, Ivan Fernando.
700 1# - ADDED ENTRY--PERSONAL NAME
Personal name Murillo Fernández, Luis Fernando,
Relator term director.
856 7# - ELECTRONIC LOCATION AND ACCESS
Public note Click aqui para ver el recurso en texto completo
Uniform Resource Identifier <a href="https://unicurn.sharepoint.com/:b:/s/biblioteca/Ef0SWggBArBOvKrr7-sGzHEB9Q3pSGwbaDNZ3Mf4eOnmww?e=rUH1ic">https://unicurn.sharepoint.com/:b:/s/biblioteca/Ef0SWggBArBOvKrr7-sGzHEB9Q3pSGwbaDNZ3Mf4eOnmww?e=rUH1ic</a>
942 ## - ADDED ENTRY ELEMENTS (KOHA)
Classification part INS 2008
Item part B537
Source of classification or shelving scheme Dewey Decimal Classification
Koha item type Trabajos de grado
Existencias
Withdrawn status Lost status Damaged status Not for loan Collection Home library Current library Shelving location Date acquired Cost, normal purchase price Inventory number Total checkouts Full call number Barcode Date last seen Price effective from Koha item type
        Trabajos de grado Miguel Henríquez Castañeda Miguel Henríquez Castañeda Trabajo de grado 09/23/2018 35000.00 020791   INS 2008 B537 020791 03/29/2025 03/29/2025 Trabajos de grado